| 000 | 00612cam a2200217 a 4500 | ||
|---|---|---|---|
| 001 | 3622432 | ||
| 005 | 20180201031250.0 | ||
| 008 | 740709s1974 mnu b 001 0 eng | ||
| 010 | _a 74002000 | ||
| 040 |
_aDLC _cDLC _dDLC |
||
| 041 | _aeng | ||
| 043 | _an-us--- | ||
| 080 | _a347.735 joh | ||
| 082 | 0 | 0 |
_a347.735 joh _a347.3075 _219 |
| 100 | 1 | _a15 | |
| 101 | _alaw | ||
| 245 | 1 | 0 |
_aCivil procedure, cases and materials / _cby John J. Cound, Jack H. Friedenthal, Arthur R. Miller. |
| 504 | _aBibliography: p. xlv-lxiv. | ||
| 906 |
_a7 _bcbc _corignew _d2 _eocip _f19 _gy-gencatlg |
||
| 942 |
_2ddc _cBK |
||
| 999 |
_c41425 _d41425 |
||